Datum a čas kvízu

28.5 Celkem bodů Celkový počet nahraných bodů na tomto kvízu bez doplňovacích otázek.
6. Pořadí na kvízu Konečné umístění týmu na tomto kvízu.

Zaznamenané odpovědi

# Otázka Odpověď Body Výsledky
1. Ve čtvrtek pronásledovali praž... Rohlík (Rohlík.cz) 1
2. Ve čtvrtek ustála předsedkyně... Pfizergate 1
3. Po několika týdnech dohadování... Rubicon 1
4. Nedávno jsme se zmiňovali o ak... moa, Nový Zéland 0.5
5. Který český sportovec či sport... Kateřina Siniaková, smíšená čtyřhra (mix) 1
6. Tento snímek pochází z národní... Žofínský prales 0
7. Poblíž Františkových Lázní se... Soos 1
8. Chráněná krajinná oblast Pálav... Pavlovské vrchy, Nové Mlýny (Novomlýnská nádrž) 0
9. Nyní se podíváme na nejdelší j... Koněpruské jeskyně 1
10. Nesmíme opomenout Národní park... C) Kamenice 1